000 01007nam a2200277 i 4500
001 9269
003 ES-MaACL
005 20260215063012.0
007 t|
008 930603s1976 sp a |||| | spa d
020 _a84-276-0338-X
080 _a7(467.11 Terrassa)
100 1 _aAinaud de Lasarte, Joan,
_d1919-1995
_918980
245 1 4 _aLos templos visigótico-románicos de Tarrasa
_b: monumento nacional /
_c[texto de Juan Ainaud de Lasarte ; prólogo de Francisco Torrella Niubó].
260 _aMadrid :
_bEditora Nacional,
_cD.L. 1976.
300 _a166 p. :
_bil. col. y n. ;
_c32 cm.
490 1 _aSello de arte
500 _aTexto en castellano y catalán.
500 _aBibliografía: p. 160-163.
650 1 4 _aArquitectura románica-
_zCataluña.
_9151046
650 4 _aIglesias-
_zBarcelona (Provincia)
_9151047
700 1 _aTorrella Niubó, F.
_9110818
830 0 _aSello de arte
_9228031
852 _aES-MaACL
_jL-16442
_z. - Ejemplar dedicado
999 _c9269
_d9269